000 01019nam a2200289 i 4500
001 000027622
003 DO-SdBNP
005 20250219104807.0
007 ta
008 110401t1982 dr ac r 001 0cspa d
040 _aDO-SdBNP
_bspa
_cBNPHU
_erda
041 _hspa
082 _a923.17293053
_bT866f
_222
100 1 _aFerreras, Ramón Alberto,
_d1930-1993
_eautor
_946022
245 1 0 _aTrujillo y sus mujeres /
_cRamón Alberto Ferreras.
264 _aSanto Domingo :
_bDel Nordeste,
_c1982.
300 _a179 páginas :
_bilustraciones retratos. ;
_c21 cm.
336 _ardacontent
_btexto
_2txt
337 _ardamedia
_bsin mediación
_2n
338 _ardacarrier
_bvolumen
_2nc
500 _aIncluye referencias bibliográficas y notas al pie de páginas.
590 _aInventariado, 2019/BT
600 1 0 _aTrujillo Molina, Rafael Leónidas,
_d1891-1961
_xRelaciones con mujeres
_946023
651 4 _aRepública Dominicana
_xBiografías
_91325
910 _aValidado. Control de calidad EMS.
942 _2ddc
_cLBS1
999 _c27114
_d27114